[Event "Czech Open GM 2019"]
[Site "Pardubice"]
[Date "2019.07.21"]
[Round "3.24"]
[White "Kushko, Dmitry"]
[Black "Teclaf, Pawel"]
[Result "1/2-1/2"]
[WhiteElo "2281"]
[BlackElo "2454"]
[Annotator "ChessBase"]
[PlyCount "36"]
[EventDate "2019.07.19"]
[EventType "swiss"]
[EventCountry "CZE"]
[SourceTitle "playchess.com"]
[Source "ChessBase"]
[SourceQuality "1"]

1. Nf3 c5 2. g3 g6 3. c4 Bg7 4. Bg2 Nc6 5. Nc3 Nh6 6. h4 d6 7. h5 Bg4 8. d3 Qd7 9. Bf4 f6 10. a3 g5 11. Bd2 O-O 12. Rb1 a5 13. Nd5 Rab8 14. Qa4 Qe8 15. b4 axb4 16. axb4 cxb4 17. Nxb4 Nxb4 18. Qxb4 Bxh5 1/2-1/2

[Event "Czech Open GM 2019"]
[Site "Pardubice"]
[Date "2019.07.21"]
[Round "3.25"]
[White "Frolov, Artur"]
[Black "Krak, Tomas"]
[Result "1/2-1/2"]
[WhiteElo "2453"]
[BlackElo "2274"]
[Annotator "ChessBase"]
[PlyCount "45"]
[EventDate "2019.07.19"]
[EventType "swiss"]
[EventCountry "CZE"]
[SourceTitle "playchess.com"]
[Source "ChessBase"]
[SourceQuality "1"]

1. e4 c5 2. Nf3 Nc6 3. d4 cxd4 4. Nxd4 g6 5. c4 Bg7 6. Be3 d6 7. Nc3 Qb6 8. Ndb5 Bxc3+ 9. bxc3 Qa5 10. Qd2 Nf6 11. f3 O-O 12. Rb1 Ne5 13. Rb4 Bd7 14. Qf2 Rfc8 15. Nxa7 Rc5 16. Nb5 Bxb5 17. Bxc5 dxc5 18. Rxb5 Qxc3+ 19. Qd2 Qa1+ 20. Qd1 Qc3+ 21. Qd2 Qa1+ 22. Qd1 Qc3+ 23. Qd2 1/2-1/2

[Event "Czech Open GM 2019"]
[Site "Pardubice"]
[Date "2019.07.21"]
[Round "3.25"]
[White "Budrewicz, Krzysztof"]
[Black "Dobrovoljc, Vid"]
[Result "0-1"]
[WhiteElo "2188"]
[BlackElo "2334"]
[Annotator "NA"]
[PlyCount "80"]
[EventDate "2019.07.19"]
[EventType "swiss"]
[EventCountry "CZE"]
[SourceTitle "playchess.com"]
[Source "ChessBase"]
[SourceQuality "1"]

1. d4 Nf6 2. c4 g6 3. Nc3 Bg7 4. e4 d6 5. f3 O-O 6. Be3 c5 7. dxc5 dxc5 8. Qxd8 Rxd8 9. Bxc5 Nc6 10. Nge2 b6 11. Ba3 Bb7 12. Rd1 Nd7 13. Nf4 Nde5 14. Nfd5 e6 15. Ne7+ Nxe7 16. Bxe7 Rxd1+ 17. Nxd1 f5 18. exf5 exf5 19. Bb4 Rc8 20. b3 Rd8 21. Be2 Nc6 22. Ba3 Re8 23. Kf1 Nd4 24. Bd3 Nxf3 25. gxf3 Bxf3 26. Rg1 Bxd1 27. Rg3 f4 28. Rg5 Bf6 29. Rd5 Bg4 30. Bb4 Be6 31. Rd6 Be5 32. Rc6 Bh3+ 33. Kf2 Bd4+ 34. Kf3 Re3+ 35. Kxf4 Rxd3 36. Rc7 a5 37. Ba3 Be3+ 38. Ke4 Bf5+ 39. Ke5 Bd4+ 40. Kf4 Bg1 0-1

[Event "Czech Open GM 2019"]
[Site "Pardubice"]
[Date "2019.07.21"]
[Round "3.26"]
[White "Ludvik, Tomas"]
[Black "Daniel, Damian"]
[Result "1-0"]
[WhiteElo "2334"]
[BlackElo "2166"]
[Annotator "NA"]
[PlyCount "101"]
[EventDate "2019.07.19"]
[EventType "swiss"]
[EventCountry "CZE"]
[SourceTitle "playchess.com"]
[Source "ChessBase"]
[SourceQuality "1"]

1. d4 Nf6 2. c4 Nc6 3. Nf3 e6 4. a3 d6 5. Nc3 g6 6. e4 Bg7 7. Be2 O-O 8. O-O e5 9. d5 Ne7 10. Re1 Ne8 11. b4 f5 12. c5 Nf6 13. cxd6 cxd6 14. Bg5 Bd7 15. Nd2 h6 16. Bxf6 Bxf6 17. Nc4 Nc8 18. a4 Qe8 19. Ra3 Bd8 20. a5 a6 21. Ra1 Qe7 22. Rc1 Kg7 23. h3 Qg5 24. Rf1 f4 25. Bg4 f3 26. Bxf3 Bxh3 27. Na4 Rf4 28. Rc3 h5 29. Kh2 Bd7 30. Nab2 Bb5 31. Re1 Rb8 32. Qc1 Rf7 33. Qxg5 Bxg5 34. Re2 Bd8 35. Rec2 Bd7 36. Nd3 Kf6 37. g3 Ke7 38. Bg2 g5 39. Ncxe5 dxe5 40. Nxe5 Rg7 41. Nxd7 Kxd7 42. e5 Na7 43. f4 Nb5 44. Rd3 Be7 45. d6 Nxd6 46. exd6 Bxd6 47. Rcd2 Rg6 48. Be4 Rbg8 49. Bxg6 Rxg6 50. fxg5 Kc6 51. Rxd6+ 1-0

[Event "Czech Open GM 2019"]
[Site "Pardubice"]
[Date "2019.07.21"]
[Round "3.26"]
[White "Zeman, Matyas"]
[Black "Ostrovskiy, Aleksandr"]
[Result "0-1"]
[WhiteElo "2275"]
[BlackElo "2453"]
[Annotator "ChessBase"]
[PlyCount "90"]
[EventDate "2019.07.19"]
[EventType "swiss"]
[EventCountry "CZE"]
[SourceTitle "playchess.com"]
[Source "ChessBase"]
[SourceQuality "1"]

1. e4 c6 2. d4 d5 3. exd5 cxd5 4. Bd3 Nc6 5. c3 Qc7 6. Ne2 Bg4 7. O-O e6 8. Qe1 g6 9. f3 Bf5 10. Bxf5 gxf5 11. Bf4 Qb6 12. Nd2 Nge7 13. a4 Ng6 14. Kh1 a5 15. Rb1 h5 16. Bg5 Be7 17. Bxe7 Ncxe7 18. f4 Qc7 19. Nf3 f6 20. Qd2 Nc8 21. Qe3 Kf7 22. Nc1 Nd6 23. Nd3 Ne4 24. Nd2 Ne7 25. Nc5 b6 26. Nd3 Rag8 27. Rbc1 Qb7 28. b3 Rg4 29. Nf3 h4 30. c4 h3 31. gxh3 Rgg8 32. c5 Rc8 33. cxb6 Qxb6 34. Nc5 Qa7 35. Rg1 Qa8 36. Rg2 Rh7 37. Rgc2 Rg8 38. Nd7 Qd8 39. Rc7 Rxh3 40. Ra7 Rgg3 41. Nfe5+ fxe5 42. Nxe5+ Kf6 43. Qxg3 Nxg3+ 44. Kg2 Qh8 45. Nf3 Ne2 0-1

[Event "Czech Open GM 2019"]
[Site "Pardubice"]
[Date "2019.07.21"]
[Round "3.27"]
[White "Cerveny, Petr"]
[Black "Furman, Boris"]
[Result "1-0"]
[WhiteElo "2333"]
[BlackElo "2149"]
[Annotator "NA"]
[PlyCount "83"]
[EventDate "2019.07.19"]
[EventType "swiss"]
[EventCountry "CZE"]
[SourceTitle "playchess.com"]
[Source "ChessBase"]
[SourceQuality "1"]

1. e4 c5 2. Nf3 Nc6 3. Bb5 g6 4. Bxc6 bxc6 5. O-O Bg7 6. Re1 Nf6 7. h3 O-O 8. c3 d5 9. e5 Ne8 10. d4 cxd4 11. cxd4 f6 12. b3 Nc7 13. Ba3 Re8 14. Qc2 Bd7 15. Nc3 Ne6 16. Rad1 Nf4 17. Na4 Qc7 18. Qc3 g5 19. Bc1 Bf5 20. Bxf4 gxf4 21. Rc1 Rac8 22. Nc5 fxe5 23. Nxe5 Qd6 24. Qf3 Bh6 25. Rc3 Rf8 26. Rec1 Kh8 27. Re1 Rf6 28. b4 Qd8 29. Ng4 Bxg4 30. hxg4 Qd6 31. Ra3 Rc7 32. Ra6 Rg6 33. b5 Bg7 34. b6 axb6 35. Ra8+ Bf8 36. Rxf8+ Kg7 37. Rxf4 bxc5 38. Rf7+ Kh8 39. dxc5 Qxc5 40. Rf8+ Kg7 41. Qf7+ Kh6 42. Rh8 1-0

[Event "Czech Open GM 2019"]
[Site "Pardubice"]
[Date "2019.07.21"]
[Round "3.27"]
[White "Wilschut, Peter"]
[Black "Biolek, Richard Jr."]
[Result "1/2-1/2"]
[WhiteElo "2279"]
[BlackElo "2447"]
[Annotator "TA"]
[PlyCount "26"]
[EventDate "2019.07.19"]
[EventType "swiss"]
[EventCountry "CZE"]
[SourceTitle "playchess.com"]
[Source "ChessBase"]
[SourceQuality "1"]

1. c4 Nf6 2. Nc3 g6 3. g3 Bg7 4. Bg2 O-O 5. Nf3 d6 6. O-O Nc6 7. d3 e5 8. Rb1 a5 9. a3 Re8 10. e4 Bd7 11. h3 Nh5 12. Be3 Nd4 13. Bxd4 exd4 1/2-1/2

[Event "Czech Open GM 2019"]
[Site "Pardubice"]
[Date "2019.07.21"]
[Round "3.28"]
[White "Maetzkow, Maximilian Paul"]
[Black "Galperin, Platon"]
[Result "0-1"]
[WhiteElo "2274"]
[BlackElo "2445"]
[Annotator "NA"]
[PlyCount "96"]
[EventDate "2019.07.19"]
[EventType "swiss"]
[EventCountry "CZE"]
[SourceTitle "playchess.com"]
[Source "ChessBase"]
[SourceQuality "1"]

1. d4 Nf6 2. Nf3 c5 3. d5 e6 4. c4 exd5 5. cxd5 g6 6. Nc3 d6 7. g3 Bg7 8. Bg2 O-O 9. O-O Re8 10. Re1 Nbd7 11. h3 a6 12. a4 Ne4 13. Nxe4 Rxe4 14. Nd2 Rb4 15. Qc2 Qe7 16. Nc4 Ne5 17. Nxe5 Bxe5 18. Ra3 b5 19. axb5 Rxb5 20. Rb3 Qb7 21. Rxb5 Qxb5 22. f4 Qb4 23. fxe5 Qxe1+ 24. Kh2 dxe5 25. Qxc5 Qxe2 26. Qc6 Rb8 27. Qf6 Bxh3 28. Kxh3 Qh5+ 29. Qh4 Qxh4+ 30. Kxh4 f6 31. Bf1 a5 32. Bd2 Rxb2 33. Bxa5 Kf7 34. d6 Ke6 35. Bc7 Kd7 36. Kg4 h5+ 37. Kf3 f5 38. Bc4 g5 39. Bf7 g4+ 40. Ke3 f4+ 41. gxf4 exf4+ 42. Ke4 g3 43. Kd5 Rb5+ 44. Kc4 g2 45. Kxb5 g1=Q 46. Bc4 Qd4 47. Kb4 f3 48. Kb3 Qxc4+ 0-1

[Event "Czech Open GM 2019"]
[Site "Pardubice"]
[Date "2019.07.21"]
[Round "3.28"]
[White "Ahn, Hongjin"]
[Black "Dixit, Nikhil"]
[Result "0-1"]
[WhiteElo "2177"]
[BlackElo "2318"]
[Annotator "NA"]
[PlyCount "120"]
[EventDate "2019.07.19"]
[EventType "swiss"]
[EventCountry "CZE"]
[SourceTitle "playchess.com"]
[Source "ChessBase"]
[SourceQuality "1"]

1. d4 Nf6 2. c4 g6 3. Nc3 Bg7 4. e4 d6 5. h3 O-O 6. Be3 e5 7. d5 Nh5 8. g3 Qe8 9. Be2 Nf6 10. Nf3 a5 11. c5 Na6 12. cxd6 cxd6 13. Nd2 Qe7 14. Nc4 Nd7 15. g4 Ndc5 16. Nb6 Rb8 17. Qd2 Qc7 18. Nxc8 Rfxc8 19. Rc1 Qd7 20. g5 Qe8 21. Bg4 Rc7 22. h4 b5 23. f3 Nb4 24. Bxc5 Rxc5 25. Ne2 Rxc1+ 26. Nxc1 Qd8 27. Ke2 Qc7 28. Nb3 Qc4+ 29. Kf2 Nd3+ 30. Ke3 Nf4 31. Rc1 Qa4 32. Qxa5 h5 33. Bd7 Ra8 34. Qxa8+ Qxa8 35. Rc8+ Qxc8 36. Bxc8 Bf8 37. Na5 f6 38. gxf6 Kf7 39. Bd7 b4 40. Nc6 Bh6 41. Kf2 Nd3+ 42. Kf1 Kxf6 43. Be8 Bc1 44. Ke2 Nf4+ 45. Kd1 Bxb2 46. Nxb4 Ba3 47. Na6 g5 48. hxg5+ Kxg5 49. Ke1 Kh4 50. Nc7 Kg3 51. Ne6 h4 52. Nxf4 exf4 53. Kf1 Bc5 54. Bd7 h3 55. Bxh3 Kxh3 56. a4 Kg3 57. a5 Kxf3 58. e5 dxe5 59. a6 e4 60. d6 e3 0-1

[Event "Czech Open GM 2019"]
[Site "Pardubice"]
[Date "2019.07.21"]
[Round "3.29"]
[White "Erenberg, Ariel"]
[Black "Jeet, Jain"]
[Result "1-0"]
[WhiteElo "2442"]
[BlackElo "2258"]
[Annotator "NA"]
[PlyCount "107"]
[EventDate "2019.07.19"]
[EventType "swiss"]
[EventCountry "CZE"]
[SourceTitle "playchess.com"]
[Source "ChessBase"]
[SourceQuality "1"]

1. Nf3 d5 2. g3 c5 3. Bg2 Nc6 4. d4 e6 5. O-O Nf6 6. c4 dxc4 7. dxc5 Qxd1 8. Rxd1 Bxc5 9. Nbd2 c3 10. bxc3 O-O 11. Nb3 Be7 12. c4 Bd7 13. Bb2 Rfd8 14. Nfd4 Rac8 15. Nb5 b6 16. Nd6 Bxd6 17. Rxd6 Be8 18. Rad1 Rxd6 19. Rxd6 Nb4 20. a3 Nc6 21. f4 a5 22. Bf3 a4 23. Nd2 Na5 24. Be5 Nd7 25. Bc3 Nxc4 26. Nxc4 Rxc4 27. Bb4 Rc8 28. Bc6 Nf6 29. Bxe8 Rxe8 30. Rxb6 Ra8 31. Kf2 h5 32. Kf3 Nd5 33. Rb5 Nxb4 34. Rxb4 Ra7 35. Ke4 g6 36. Ke5 Kg7 37. Kd6 Kf6 38. Kc6 e5 39. Kb6 Ra8 40. Kb5 exf4 41. Rxf4+ Ke6 42. Rxa4 Rb8+ 43. Kc4 Rb1 44. Rb4 Rh1 45. h4 Rc1+ 46. Kb5 Rc3 47. a4 Rxg3 48. a5 Kd6 49. Kb6 Rg4 50. e4 g5 51. a6 Rg2 52. a7 Ra2 53. Rb5 Rxa7 54. Kxa7 1-0

[Event "Czech Open GM 2019"]
[Site "Pardubice"]
[Date "2019.07.21"]
[Round "3.29"]
[White "Krejca, Jakub"]
[Black "Van Osch, Mees"]
[Result "1/2-1/2"]
[WhiteElo "2150"]
[BlackElo "2316"]
[Annotator "NA"]
[PlyCount "120"]
[EventDate "2019.07.19"]
[EventType "swiss"]
[EventCountry "CZE"]
[SourceTitle "playchess.com"]
[Source "ChessBase"]
[SourceQuality "1"]

1. e4 e6 2. d4 d5 3. exd5 exd5 4. Nf3 Nf6 5. Bd3 Bd6 6. O-O O-O 7. Bg5 Bg4 8. c3 Nbd7 9. Nbd2 c6 10. Qc2 Qc7 11. Rfe1 Rae8 12. Bh4 Bh5 13. Bg3 Bg6 14. Bxg6 hxg6 15. Rxe8 Rxe8 16. Re1 Rxe1+ 17. Nxe1 Bxg3 18. hxg3 Qa5 19. a3 Qb5 20. Nd3 Nb6 21. Nf3 Nc4 22. Nfe5 Nxe5 23. Nxe5 Ne4 24. Nd3 Qc4 25. Ne5 Qa2 26. Kh2 Qa1 27. f3 Nd6 28. Nxg6 fxg6 29. Qxg6 Nf7 30. Qe6 g5 31. Qc8+ Kg7 32. Qxb7 a5 33. f4 gxf4 34. gxf4 Qf1 35. Qc7 a4 36. Qxc6 Qxf4+ 37. g3 Qd2+ 38. Kh3 Qxb2 39. Qxa4 Qxc3 40. Qa7 Kf6 41. a4 Ng5+ 42. Kh4 Nf3+ 43. Kg4 Nxd4 44. Qb6+ Ne6 45. a5 Qc4+ 46. Kf3 Qf1+ 47. Kg4 Qe2+ 48. Kh3 Qf1+ 49. Kg4 Qf5+ 50. Kh4 Kg6 51. g4 Qf6+ 52. Kg3 Qe5+ 53. Kf2 Qf4+ 54. Ke1 Qe4+ 55. Kd2 Qg2+ 56. Kc1 Qf1+ 57. Kd2 Qf4+ 58. Ke1 Qc1+ 59. Kf2 Qd2+ 60. Kf1 Qf4+ 1/2-1/2

[Event "Czech Open GM 2019"]
[Site "Pardubice"]
[Date "2019.07.21"]
[Round "3.30"]
[White "Cukrowski, Filip"]
[Black "Gibicar, Danijel"]
[Result "1-0"]
[WhiteElo "2421"]
[BlackElo "2273"]
[Annotator "NA"]
[PlyCount "113"]
[EventDate "2019.07.19"]
[EventType "swiss"]
[EventCountry "CZE"]
[SourceTitle "playchess.com"]
[Source "ChessBase"]
[SourceQuality "1"]

1. e4 e6 2. d4 d5 3. Nd2 a6 4. Ngf3 c5 5. dxc5 Bxc5 6. Bd3 Nc6 7. O-O Nge7 8. a3 O-O 9. b4 Ba7 10. Bb2 Ng6 11. Nb3 Nf4 12. Re1 Nxd3 13. Qxd3 dxe4 14. Qxe4 f6 15. Rad1 Qe8 16. c4 Qg6 17. Qxg6 hxg6 18. Bc3 e5 19. b5 axb5 20. cxb5 Ne7 21. Bb4 Kf7 22. Na5 Bc5 23. Bxc5 Rxa5 24. Nxe5+ fxe5 25. Rxe5 Re8 26. Bb4 Ra4 27. Rde1 Rxb4 28. axb4 Bd7 29. Rd1 Be6 30. f3 Kf6 31. Rc5 b6 32. Rc7 Rc8 33. Rxc8 Nxc8 34. Rc1 Ne7 35. Rc7 Bd5 36. Kf2 Ke6 37. h4 Nf5 38. Ra7 Ne7 39. g4 Kf6 40. Kg3 Bc4 41. g5+ Ke6 42. Rb7 Nd5 43. Rxg7 Kf5 44. Rd7 Ke6 45. Rd8 Bxb5 46. h5 gxh5 47. Kh4 Nxb4 48. g6 Nc6 49. g7 Ne7 50. Rf8 Bd3 51. Kxh5 b5 52. Kg5 b4 53. f4 Bh7 54. f5+ Nxf5 55. Rxf5 b3 56. Rb5 Kf7 57. Kf4 1-0

[Event "Czech Open GM 2019"]
[Site "Pardubice"]
[Date "2019.07.21"]
[Round "3.30"]
[White "Dev, Shah"]
[Black "Zetocha, Claudiu"]
[Result "0-1"]
[WhiteElo "2147"]
[BlackElo "2316"]
[Annotator "NA"]
[PlyCount "58"]
[EventDate "2019.07.19"]
[EventType "swiss"]
[EventCountry "CZE"]
[SourceTitle "playchess.com"]
[Source "ChessBase"]
[SourceQuality "1"]

1. d4 Nf6 2. c4 c5 3. d5 b5 4. cxb5 a6 5. bxa6 g6 6. Nc3 Bxa6 7. e4 Bxf1 8. Kxf1 d6 9. Nf3 Bg7 10. g3 O-O 11. Kg2 Na6 12. Qe2 Qb6 13. Nd2 Nc7 14. Rd1 Nd7 15. Nc4 Qa6 16. Ne3 Rfb8 17. Qc2 Nb5 18. Nxb5 Rxb5 19. a3 Qa4 20. Rd2 Rb3 21. Nd1 Rab8 22. Re2 Ne5 23. Ne3 Nd3 24. Nc4 Ne1+ 25. Rxe1 Rxg3+ 26. hxg3 Qxc2 27. Nd2 Bd4 28. Rb1 c4 29. Rf1 Bg7 0-1

[Event "Czech Open GM 2019"]
[Site "Pardubice"]
[Date "2019.07.21"]
[Round "3.31"]
[White "Sydoryka, Vladyslav"]
[Black "Voinikonis, Nikita"]
[Result "0-1"]
[WhiteElo "2315"]
[BlackElo "2137"]
[Annotator "NA"]
[PlyCount "114"]
[EventDate "2019.07.19"]
[EventType "swiss"]
[EventCountry "CZE"]
[SourceTitle "playchess.com"]
[Source "ChessBase"]
[SourceQuality "1"]

1. c4 Nf6 2. Nf3 g6 3. g3 Bg7 4. Bg2 O-O 5. O-O d5 6. cxd5 Nxd5 7. Nc3 Nc6 8. Nxd5 Qxd5 9. d3 Qh5 10. Re1 e5 11. Be3 Nd4 12. Rc1 c6 13. Qa4 Rd8 14. Rc5 Qg4 15. Nxd4 exd4 16. Bf3 Qe6 17. Bg5 Bf6 18. Bxf6 Qxf6 19. b4 a6 20. Qb3 Be6 21. Qb2 Rd6 22. a4 Rad8 23. b5 cxb5 24. axb5 b6 25. Rc6 a5 26. Rec1 Bd7 27. Rxd6 Qxd6 28. Rc4 Be6 29. Ra4 Qc5 30. Bc6 Qc3 31. Qa1 Bb3 32. Ra3 Qxa1+ 33. Rxa1 Kf8 34. Kf1 Ke7 35. Ke1 Kd6 36. Rc1 Rc8 37. Kd2 Bd5 38. e3 dxe3+ 39. fxe3 Bxc6 40. bxc6 Rxc6 41. Rb1 Kc5 42. Rc1+ Kb5 43. Rb1+ Ka6 44. e4 b5 45. d4 b4 46. d5 Rc8 47. Kd3 Kb5 48. e5 a4 49. Rf1 a3 50. d6 a2 51. Kd4 b3 52. d7 Rd8 53. Kc3 Ka4 54. Kb2 Rxd7 55. Rf4+ Kb5 56. Rf1 Kc4 57. Rf4+ Rd4 0-1

[Event "Czech Open GM 2019"]
[Site "Pardubice"]
[Date "2019.07.21"]
[Round "3.31"]
[White "Horak, Martin"]
[Black "Salimova, Nurgyul"]
[Result "0-1"]
[WhiteElo "2254"]
[BlackElo "2416"]
[Annotator "NA"]
[PlyCount "134"]
[EventDate "2019.07.19"]
[EventType "swiss"]
[EventCountry "CZE"]
[SourceTitle "playchess.com"]
[Source "ChessBase"]
[SourceQuality "1"]

1. d4 Nf6 2. Nf3 d5 3. c4 e6 4. g3 Be7 5. Bg2 O-O 6. O-O dxc4 7. Qc2 b6 8. Qxc4 Bb7 9. Nc3 Nbd7 10. Rd1 c5 11. dxc5 Rc8 12. b4 bxc5 13. b5 Nd5 14. Bb2 Qc7 15. e4 N5f6 16. h3 Nb6 17. Qe2 c4 18. a4 Bc5 19. Kh2 Bb4 20. Nd4 Rfd8 21. Nc2 Bxc3 22. Bxc3 Rxd1 23. Rxd1 Nxa4 24. Bxf6 gxf6 25. Qg4+ Kf8 26. Qh4 Qe5 27. Qxh7 Ke7 28. f4 Qb2 29. Nd4 Nc3 30. Re1 Qf2 31. Nf3 Ne2 32. Qh4 Bxe4 33. Rf1 Qe3 34. Ne5 Qxg3+ 35. Qxg3 Nxg3 36. Kxg3 Bxg2 37. Ra1 fxe5 38. Rxa7+ Bb7 39. Rxb7+ Ke8 40. Ra7 c3 41. Ra1 c2 42. Rc1 Rc3+ 43. Kg4 exf4 44. Kxf4 Rb3 45. Rxc2 Rxb5 46. h4 Ke7 47. Rg2 Rf5+ 48. Kg4 Kf6 49. Rb2 Kg6 50. Rb8 Rd5 51. Rg8+ Kh7 52. Rc8 Rd4+ 53. Kg5 Kg7 54. Rb8 f6+ 55. Kh5 f5 56. Rb2 Kf6 57. Rg2 Rd8 58. Rg6+ Kf7 59. Rh6 Rg8 60. Rh7+ Rg7 61. Rh8 f4 62. Rb8 Kf6 63. Rf8+ Rf7 64. Rg8 f3 65. Rb8 f2 66. Rb1 Rh7+ 67. Kg4 Rg7+ 0-1

[Event "Czech Open GM 2019"]
[Site "Pardubice"]
[Date "2019.07.21"]
[Round "3.32"]
[White "Pulpan, Jakub"]
[Black "Moksh Amit Doshi"]
[Result "1/2-1/2"]
[WhiteElo "2414"]
[BlackElo "2229"]
[Annotator "NA"]
[PlyCount "45"]
[EventDate "2019.07.19"]
[EventType "swiss"]
[EventCountry "CZE"]
[SourceTitle "playchess.com"]
[Source "ChessBase"]
[SourceQuality "1"]

1. e4 c5 2. Nf3 d6 3. d4 cxd4 4. Nxd4 Nf6 5. Nc3 a6 6. Be2 e5 7. Nf3 Be7 8. Bg5 Be6 9. Bxf6 Bxf6 10. O-O O-O 11. Nd5 Nd7 12. Bc4 Rc8 13. Qe2 Nb6 14. Nxb6 Qxb6 15. Bb3 Qc6 16. c3 Bxb3 17. axb3 d5 18. Rfe1 Rfe8 19. Rad1 Rcd8 20. exd5 Rxd5 21. b4 h6 22. Rxd5 Qxd5 23. h3 1/2-1/2

[Event "Czech Open GM 2019"]
[Site "Pardubice"]
[Date "2019.07.21"]
[Round "3.32"]
[White "Milikow, Elie"]
[Black "Nun, Jiri"]
[Result "0-1"]
[WhiteElo "2129"]
[BlackElo "2310"]
[Annotator "NA"]
[PlyCount "62"]
[EventDate "2019.07.19"]
[EventType "swiss"]
[EventCountry "CZE"]
[SourceTitle "playchess.com"]
[Source "ChessBase"]
[SourceQuality "1"]

1. e4 c6 2. d4 g6 3. Nc3 d5 4. e5 Bg7 5. Bf4 f6 6. h4 Bf5 7. g4 Be6 8. exf6 Nxf6 9. g5 Nh5 10. Be3 Qd6 11. Qd2 Nd7 12. Nh3 Rf8 13. Be2 O-O-O 14. O-O-O Nb6 15. Rdg1 Nc4 16. Bxc4 dxc4 17. Ne4 Qd5 18. Nc5 Bf5 19. Qa5 Bxd4 20. Bxd4 Qxd4 21. Qxa7 Qd2+ 22. Kb1 Qb4 23. a3 Qb5 24. a4 Qb4 25. Ka2 Rd5 26. c3 Qxc5 27. Qa8+ Kd7 28. Qxf8 Qa5 29. Ka3 b5 30. b3 cxb3 31. Qa8 Qxa8 0-1

[Event "Czech Open GM 2019"]
[Site "Pardubice"]
[Date "2019.07.21"]
[Round "3.33"]
[White "Mullick, Raahil"]
[Black "Barua, Dibyendu"]
[Result "1/2-1/2"]
[WhiteElo "2211"]
[BlackElo "2393"]
[Annotator "NA"]
[PlyCount "64"]
[EventDate "2019.07.19"]
[EventType "swiss"]
[EventCountry "CZE"]
[SourceTitle "playchess.com"]
[Source "ChessBase"]
[SourceQuality "1"]

1. e4 e6 2. d4 d5 3. Nc3 Nf6 4. e5 Nfd7 5. f4 c5 6. Nf3 Nc6 7. Be3 a6 8. Qd2 b5 9. a3 g6 10. dxc5 Bxc5 11. Bxc5 Nxc5 12. Nd4 Bb7 13. Be2 Qb6 14. Rd1 Rd8 15. Nxc6 Qxc6 16. Bf3 O-O 17. Ne2 Ne4 18. Bxe4 dxe4 19. Qxd8 Rxd8 20. Rxd8+ Kg7 21. Nd4 Qc4 22. Kd2 Bd5 23. Ke3 Qa2 24. b3 Qxa3 25. Rc8 Qe7 26. h4 Bb7 27. Rc3 h5 28. g3 b4 29. Rc4 Bd5 30. Rc8 Bb7 31. Rc4 Bd5 32. Rc8 Bb7 1/2-1/2

[Event "Czech Open GM 2019"]
[Site "Pardubice"]
[Date "2019.07.21"]
[Round "3.33"]
[White "Gloser, David"]
[Black "Stevanic, David"]
[Result "1-0"]
[WhiteElo "2123"]
[BlackElo "2306"]
[Annotator "NA"]
[PlyCount "127"]
[EventDate "2019.07.19"]
[EventType "swiss"]
[EventCountry "CZE"]
[SourceTitle "playchess.com"]
[Source "ChessBase"]
[SourceQuality "1"]

1. f4 d5 2. Nf3 g6 3. e3 Bg7 4. Be2 Nf6 5. O-O O-O 6. b3 Ne4 7. d4 b6 8. Bb2 Bb7 9. Nbd2 Nxd2 10. Qxd2 Nd7 11. Bd3 Rc8 12. Qe2 c5 13. c3 Qc7 14. Rac1 f6 15. f5 g5 16. c4 Rce8 17. cxd5 Bxd5 18. e4 Bf7 19. d5 Bh5 20. Bb5 Rd8 21. Qc4 Qd6 22. g4 Bf7 23. Qe2 h5 24. h3 Nb8 25. Qh2 a6 26. Be2 b5 27. a4 Qb6 28. axb5 axb5 29. Qf2 Nd7 30. b4 cxb4 31. Qxb6 Nxb6 32. Bxb5 Rb8 33. Bc6 Nc8 34. Bd4 Nd6 35. Nd2 Be8 36. Bxe8 Rfxe8 37. Rb1 Rec8 38. Rfc1 Rxc1+ 39. Rxc1 hxg4 40. hxg4 Kf7 41. Rb1 Rb5 42. Kf2 Ke8 43. Ke3 Kd7 44. Kd3 Nf7 45. Nc4 Nh6 46. Ne3 Nf7 47. Ra1 Rb8 48. Nc4 Nh6 49. Rg1 Nf7 50. Kc2 Rh8 51. Kb3 Rh3+ 52. Kxb4 Nh6 53. Ne3 Rh4 54. Kc4 Bf8 55. Kd3 Bg7 56. Rg2 Bf8 57. Bc3 Bg7 58. Ke2 Nf7 59. Be1 Rh1 60. Bg3 Ra1 61. Kf3 Nd8 62. Rb2 Ra7 63. Nc2 Nb7 64. Bf2 1-0

[Event "Czech Open GM 2019"]
[Site "Pardubice"]
[Date "2019.07.21"]
[Round "3.34"]
[White "Sarkar, Justin"]
[Black "Cholleti, Sahajasri"]
[Result "1/2-1/2"]
[WhiteElo "2389"]
[BlackElo "2223"]
[Annotator "NA RC"]
[PlyCount "29"]
[EventDate "2019.07.19"]
[EventType "swiss"]
[EventCountry "CZE"]
[SourceTitle "playchess.com"]
[Source "ChessBase"]
[SourceQuality "1"]

1. d4 Nf6 2. c4 e6 3. Nc3 Bb4 4. e3 O-O 5. Bd3 d5 6. Nf3 c5 7. O-O cxd4 8. exd4 dxc4 9. Bxc4 b6 10. Bg5 Bb7 11. Re1 Nc6 12. a3 Be7 13. Rc1 h6 14. Bh4 Nh5 15. Bxe7 1/2-1/2

[Event "Czech Open GM 2019"]
[Site "Pardubice"]
[Date "2019.07.21"]
[Round "3.34"]
[White "Karsay, Pascal"]
[Black "Shpanko, Nadiia"]
[Result "0-1"]
[WhiteElo "2304"]
[BlackElo "2132"]
[Annotator "NA"]
[PlyCount "88"]
[EventDate "2019.07.19"]
[EventType "swiss"]
[EventCountry "CZE"]
[SourceTitle "playchess.com"]
[Source "ChessBase"]
[SourceQuality "1"]

1. Nf3 d5 2. g3 Bg4 3. Bg2 Nd7 4. c4 e6 5. cxd5 exd5 6. O-O c6 7. d3 Ngf6 8. Nc3 Bc5 9. Qb3 Bb6 10. Na4 O-O 11. Nxb6 axb6 12. Qc2 Re8 13. b3 Bxf3 14. Bxf3 Ne5 15. Bg2 d4 16. Bb2 Qd7 17. a3 h5 18. h4 Nfg4 19. Qd2 Ng6 20. b4 Rad8 21. Bf3 N6e5 22. Be4 Nc4 23. Qc1 Nxb2 24. Qxb2 f5 25. Bf3 f4 26. gxf4 Qf5 27. Qa2+ Kh8 28. Qd2 Rd6 29. Be4 Qf6 30. f5 Qxh4 31. Qf4 Rf6 32. Qg3 Qxg3+ 33. fxg3 Kg8 34. Rf4 Ne3 35. Kf2 Ref8 36. Kg1 Kf7 37. Rh4 Nxf5 38. Bxf5 Rxf5 39. Rxd4 Ke6 40. Re4+ Re5 41. Rxe5+ Kxe5 42. Rf1 Rxf1+ 43. Kxf1 b5 44. Kf2 b6 0-1

[Event "Czech Open GM 2019"]
[Site "Pardubice"]
[Date "2019.07.21"]
[Round "3.35"]
[White "Bronstein, Or"]
[Black "Kolar, Stanislav"]
[Result "1-0"]
[WhiteElo "2378"]
[BlackElo "2100"]
[Annotator "NA"]
[PlyCount "67"]
[EventDate "2019.07.19"]
[EventType "swiss"]
[EventCountry "CZE"]
[SourceTitle "playchess.com"]
[Source "ChessBase"]
[SourceQuality "1"]

1. Nf3 Nf6 2. c4 c5 3. Nc3 Nc6 4. d4 cxd4 5. Nxd4 e6 6. a3 Be7 7. e4 d6 8. Be3 O-O 9. Be2 Bd7 10. O-O a6 11. Rc1 Rc8 12. f3 h6 13. b4 Ne5 14. Nb3 Re8 15. c5 dxc5 16. Nxc5 Bc6 17. Qc2 Ng6 18. Qb3 Bd6 19. Nd3 Ne5 20. Nb2 g5 21. a4 Ng6 22. b5 axb5 23. axb5 Bd7 24. g3 Qe7 25. Nba4 Bb4 26. Kh1 Kh7 27. Nb6 Rcd8 28. Qb1 Kg7 29. Bd4 Kg8 30. Bxf6 Qxf6 31. Qxb4 Bc8 32. Qc5 Nf8 33. e5 Qg7 34. Ne4 1-0